ბათუმის შოთა რუსთაველის სახელმწიფო უნივერსიტეტის ბიბლიოთეკა

Система удобрения цитрусовых садов (ბიბ.ჩანაწერი № 46023)

000 -LEADER
fixed length control field 00600nam a2200205Ia 4500
001 - CONTROL NUMBER
control field 12853
003 - CONTROL NUMBER IDENTIFIER
control field GE_BSU
008 - FIXED-LENGTH DATA ELEMENTS--GENERAL INFORMATION
fixed length control field 181216s||||||||xx |||||||||||||| ||und||
040 ## - CATALOGING SOURCE
Transcribing agency GE_BSU
100 ## - MAIN ENTRY--PERSONAL NAME
Personal name Гамкрелидзе,И.Д;
245 ## - TITLE STATEMENT
Title Система удобрения цитрусовых садов
245 ## - TITLE STATEMENT
Statement of responsibility, etc. Ред.Т.Ищенко
260 ## - PUBLICATION, DISTRIBUTION, ETC.
Place of publication, distribution, etc. Москва
260 ## - PUBLICATION, DISTRIBUTION, ETC.
Name of publisher, distributor, etc. Колос
260 ## - PUBLICATION, DISTRIBUTION, ETC.
Date of publication, distribution, etc. 1971
300 ## - PHYSICAL DESCRIPTION
Extent 216стр.илл.20см.
300 ## - PHYSICAL DESCRIPTION
Dimensions Библиогр.с.206-214
653 ## - INDEX TERM--UNCONTROLLED
Uncontrolled term Система Удобрения цитрусовых садов
942 ## - ADDED ENTRY ELEMENTS (KOHA)
Koha item type წიგნი
ეგზემპლარები
Withdrawn status Lost status Damaged status Not for loan Date acquired Barcode Date last seen Price effective from Koha item type
        2018-12-17 20554 2018-12-17 2018-12-17 წიგნი
        2018-12-17 20914 2018-12-17 2018-12-17 წიგნი
        2018-12-17 20913 2018-12-17 2018-12-17 წიგნი